LEGO Batman 2: DC Super Heroes: Playable Characters by Picture - Statistics

General Stats
  • This quiz has been taken 182 times
  • The average score is 42 of 51
Answer Stats
Picture Answer % Correct
Batman | Bruce Wayne
99%
Aquaman | Arthur Curry
98%
Bane
98%
Batgirl | Barbara Gordon
98%
Alfred Pennyworth
95%
Captain Marvel | Billy Batson
94%
Cyborg | Victor Stone
92%
Green Lantern | Hal Jordan
92%
Catwoman | Selina Kyle
91%
Harley Quinn | Harleen Quinzel
91%
Robin | Tim Drake
91%
Commissioner Jim Gordon
90%
Lex Luthor
90%
Supergirl | Kara Zor-El
90%
The Joker
90%
Superman | Clark Kent
89%
Clayface | Basil Karlo
88%
Martian Manhunter | J'onn J'onzz
88%
Mr. Freeze | Victor Fries
88%
Poison Ivy | Pamela Isley
88%
Robin | Damian Wayne
88%
The Flash | Barry Allen
88%
Black Adam | Teth-Adam
87%
Man-Bat | Kirk Langstrom
87%
Nightwing | Dick Grayson
87%
The Penguin | Oswald Cobblepot
87%
Wonder Woman | Diana Prince
87%
Bizarro
86%
Killer Croc | Waylon Jones
86%
The Riddler | Edward Nigma
86%
Two-Face | Harvey Dent
86%
Scarecrow | Jonathan Crane
85%
Hawkgirl | Shayera Hol
84%
Hawkman | Katar Hol
83%
Black Manta | David Hyde
82%
Mad Hatter | Jervis Tetch
82%
Brainiac | Vril Dox
80%
Black Canary | Dinah Laurel Lance
79%
Hush | Thomas Elliot
79%
Killer Moth | Drury Walker
78%
Thaal Sinestro
78%
Ra's Al Ghul
75%
Captain Cold | Leonard Snart
74%
Lois Lane
72%
Zatanna Zatara
72%
Captain Boomerang | Digger Harkness
69%
Huntress | Helena Wayne
63%
Gorilla Grodd
57%
General Zod
51%
Katana | Tatsu Yamashiro
29%
Vicki Vale
29%
No matching quizzes found
Score Distribution
Percent of People with Each Score
Percentile by Number Answered
Your Score History
You have not taken this quiz